000 00288nam a22001337a 4500
008 170210b xxu||||| |||| 00| 0 eng d
020 _a043144040006
041 _aeng
080 _a61
100 _a4
101 _aSHM
245 _aMAYO CLINIC FAMILY HEALTH
_cLARSON
942 _2udc
_cBK
999 _c5191
_d5191